[Event "SVR-op"]
[Site "Heimbach Weis"]
[Date "2017.04.14"]
[Round "6"]
[White "Schnur, Edmund"]
[Black "Hanusch, Andreas"]
[Result "1-0"]
[WhiteElo "1946"]
[BlackElo "1586"]
[PlyCount "57"]
[EventDate "2017.04.08"]
[EventType "swiss"]
[EventRounds "7"]
[EventCountry "GER"]
[SourceTitle "EXT 2020"]
[Source "ChessBase"]
[SourceDate "2019.10.17"]
[SourceVersion "1"]
[SourceVersionDate "2019.10.17"]
[SourceQuality "1"]

1. e4 c5 2. Nc3 Nc6 3. f4 g6 4. Nf3 Bg7 5. g3 d6 6. Bg2 Nf6 7. d3 0-0 8. 0-0 Rb8 9. a4 a6 10. h3 b5 11. axb5 axb5 12. Be3 b4 13. Ne2 Nd7 14. c3 Bb7 15. d4 bxc3 16. bxc3 Na5 17. Nd2 cxd4 18. cxd4 Ba6 19. Re1 Qb6 20. Qa4 Bxe2 21. Qxa5 Qxa5 22. Rxa5 Bd3 23. Ra3 Bc2 24. Ra7 Rfd8 25. Rc1 Bd3 26. Rcc7 Bb5 27. Bf1 Bxf1 28. Kxf1 Nf8 29. Rxe7 1-0

[Event "SVR-op"]
[Site "Heimbach Weis"]
[Date "2017.04.09"]
[Round "3"]
[White "Eske, Alexander"]
[Black "Hanusch, Andreas"]
[Result "0-1"]
[WhiteElo "1766"]
[BlackElo "1586"]
[PlyCount "98"]
[EventDate "2017.04.08"]
[EventType "swiss"]
[EventRounds "7"]
[EventCountry "GER"]
[SourceTitle "EXT 2020"]
[Source "ChessBase"]
[SourceDate "2019.10.17"]
[SourceVersion "1"]
[SourceVersionDate "2019.10.17"]
[SourceQuality "1"]

1. Nc3 c5 2. d3 d5 3. e4 d4 4. Nce2 Nc6 5. g3 e5 6. Bg2 Bd6 7. h3 Nge7 8. f4 exf4 9. Bxf4 Qa5+ 10. Qd2 Qxd2+ 11. Kxd2 Bxf4+ 12. Nxf4 Ne5 13. Nf3 Nxf3+ 14. Bxf3 0-0 15. Nd5 Nxd5 16. exd5 Bd7 17. Rae1 Rfe8 18. h4 Kf8 19. c4 Rxe1 20. Rxe1 Re8 21. Rxe8+ Kxe8 22. g4 Ke7 23. Ke1 Kd6 24. Kf2 b6 25. Kg3 a6 26. Kf4 b5 27. b3 bxc4 28. bxc4 Ba4 29. Be4 h6 30. g5 hxg5+ 31. Kxg5 Ke5 32. Bf3 Bc2 33. Be2 g6 34. d6 Ba4 35. Bd1 Bd7 36. h5 gxh5 37. Bxh5 f6+ 38. Kg6 Bf5+ 39. Kg7 Kxd6 40. Be2 Ke5 41. Kf7 Be6+ 42. Ke7 f5 43. Bf3 f4 44. a3 Bf5 45. Be2 f3 46. Bf1 f2 47. Kd8 Kf4 48. Kc7 Ke3 49. Kb6 Bxd3 0-1

[Event "SVR-op"]
[Site "Heimbach Weis"]
[Date "2014.04.19"]
[Round "7"]
[White "Hanusch, Andreas"]
[Black "Senger, Alexander"]
[Result "1-0"]
[WhiteElo "1483"]
[BlackElo "1644"]
[PlyCount "43"]
[EventDate "2014.04.11"]
[EventType "swiss"]
[EventRounds "7"]
[EventCountry "GER"]
[SourceTitle "CBM 160 Extra"]
[Source "ChessBase"]
[SourceDate "2014.07.01"]
[SourceVersion "1"]
[SourceVersionDate "2014.07.01"]
[SourceQuality "1"]

1. e4 d5 2. exd5 Nf6 3. d4 Nxd5 4. c4 Nb6 5. Nf3 Bg4 6. Be2 e6 7. 0-0 c6 8. b3 g6 9. Ne5 Bxe2 10. Qxe2 Bg7 11. Bb2 N8d7 12. Nc3 Nxe5 13. dxe5 0-0 14. Rad1 Qg5 15. Ne4 Qe7 16. Nf6+ Kh8 17. Rd3 Rad8 18. Rfd1 Rxd3 19. Rxd3 Rd8 20. Qd1 Bxf6 21. exf6 Rxd3 22. fxe7+ 1-0

[Event "SVR-op 35th"]
[Site "Nickenich"]
[Date "2012.04.07"]
[Round "7"]
[White "Schlich, Mara"]
[Black "Hanusch, Andreas"]
[Result "0-1"]
[WhiteElo "1669"]
[BlackElo "1485"]
[PlyCount "92"]
[EventDate "2012.03.30"]
[EventType "swiss"]
[EventRounds "7"]
[EventCountry "GER"]
[SourceTitle "EXT 2013"]
[Source "ChessBase"]
[SourceDate "2012.11.22"]
[SourceVersion "1"]
[SourceVersionDate "2012.11.22"]
[SourceQuality "1"]

1. d4 Nf6 2. c4 g6 3. Nc3 Bg7 4. e4 d6 5. Nge2 0-0 6. Ng3 Nc6 7. Be2 e5 8. d5 Ne7 9. Be3 Ne8 10. h4 f5 11. Bg5 f4 12. Nf1 h6 13. Bxe7 Qxe7 14. Qd2 c6 15. 0-0-0 cxd5 16. Qxd5+ Be6 17. Qd3 Rc8 18. Nd5 Qd7 19. Kb1 Rc6 20. Rc1 Nc7 21. Nxc7 Qxc7 22. Nh2 Rc8 23. b3 b5 24. Qd2 Kh7 25. h5 bxc4 26. hxg6+ Kxg6 27. g3 cxb3 28. axb3 Rxc1+ 29. Rxc1 Qxc1+ 30. Qxc1 Rxc1+ 31. Kxc1 fxg3 32. fxg3 Bxb3 33. Kb2 Be6 34. Ka3 d5 35. exd5 Bxd5 36. Kb4 Bb7 37. Ka5 e4 38. Kb4 Bd4 39. Kc4 Be5 40. Kc5 Bxg3 41. Nf1 Bf2+ 42. Kb4 Kg5 43. Kc3 h5 44. Kd2 h4 45. Kc3 e3 46. Kd4 Kf4 0-1